000 00350nam a2200145Ia 4500
008 230917s9999||||xx |||||||||||||| ||und||
040 _e43264
_aMAIN
041 _aEnglish
082 _a821.6 S44W:S
100 _aWoodings, R B, ed
245 0 _aShelley: modern judgements
260 _aLondon
_bMacmillan
_c1968
300 _a289 p.
942 _cBK
999 _c190256
_d190256